000
00303nam a2200133Ia 4500
100
_a
Mehta/v.k./ Mehta/Rohit
942
_c
BK
366
_f
10
245
_a
Principles of electrical engineering
260
_b
S.Chand & Co.
_a
2009
_c
2009
082
_a
621.3/MEH/MEH
300
_a
656
546
_a
ENGLISH
999
_c
31646
_d
31646